Quizzes
Events
Quiz Creation
Community
Videos
Private Events
Remove Ads
Sign In
Join for FREE
Feedback
Dark Mode
Quiz Categories
Sports
Geography
Music
Movies
Television
Just For Fun
Miscellaneous
History
Literature
Language
Science
Gaming
Entertainment
Religion
Holiday
For Kids
Quiz Lab
Recent
Popular Today
Quiz Kudos Today
Editor Picks
Curator Picks
Quizzes by...
Day
Popularity
Type
Ratings
Length
Year
Community
Subscriptions
Recent Discussions
Orange Saloon
Badges
Playlists
Quests
Create
Leaderboards
Showdown
Live 5
Trivia Bingo
Activity
Puzzle Library
Sporcle Events
Private Events
Virtual Trivia
Globe League
Become a Host
Pub Owners
SporcleCon
Opinionation
Our Games
Videos
Blog
Mobile Apps
Partnerships
Remove Ads and Go Orange
Feedback
Science
Computer
Plants
Astronomy
Chemistry
Elements
Math
Animal
Physics
Anatomy
Biology
Geology
General Science
Science
Computer
Plants
Astronomy
Chemistry
Elements
Math
Animal
Physics
Anatomy
Biology
Geology
General Science
Random Quiz
Search Sporcle
×
Quiz Lab
Quiz Lab
Science
Chemistry
Type in answers that appear in a list
Type in answers that appear in a list
Classic
Best Score? Go Orange.
Organic chemical reactions Stats
Can you name the Organic chemical reaction conditions and reagents?
By
hamster12340
15m
24 Questions
222 Plays
222 Plays
222 Plays
Comments
Comments
Give Quiz Kudos
Give Quiz Kudos
-
- Ratings
hide this ad
No Skip
Answers have to be entered in order without skipping
Answers have to be entered in order without skipping
Replay
Link that replays current quiz
Next Quiz
Link to next quiz in quiz playlist
You Got
0%
They Got
Avg Score
18%
Avg Friend Score
Upgrade to see
Score Distribution
Jump to the score distribution portion of the page
Score
0/24
Timer
15:00
0
Plays Today
reactant
condition and reagent
% Correct
?
???
98.6%
?
???
47.7%
?
???
35.6%
?
???
28.8%
?
???
26.6%
?
???
24.8%
?
???
21.6%
?
???
19.8%
?
???
18%
?
???
17.1%
?
???
16.2%
?
???
14%
reactant
condition and reagent
% Correct
?
???
13.1%
?
???
10.8%
?
???
9.9%
?
???
9%
?
???
8.1%
?
???
7.2%
?
???
5.9%
?
???
4.5%
?
???
3.6%
?
???
2.7%
?
???
1.8%
?
???
0%
Quiz Playlist
Details
Report
Send in Message
Add To Playlist
Classic:
Type in answers that appear in a list
No Skip:
Answers have to be entered in order without skipping
Last Updated: Jun 3, 2017
Quiz Scoreboard
CHALLENGE
Sign Up to Join the Scoreboard
Show All
Scores
Hide
Comments
May contain spoilers
Recently Published
Billboard Blitz: Fleetwood Mac
by CooCooCachoo
Music
15s
Presidents Visiting Landmarks
by Hejman
History
7m
An Introduction to Baseball
by treessimontrees
Sports
5m
More to Explore
Quiz From the Vault
Featured Blog Post
Where Did the Easter Bunny Come From?
hide this ad
You Might Also Like...
Tags
Chemistry Quiz
condition
organic
product
reaction
reagent
Today's Top Quizzes in Science
Browse Science
hide this ad
Today's Top Quizzes in Chemistry
Browse Chemistry
Top Contributed Quizzes in Science
1
Quick Pick: Radians
2
Quick Pick: 'CI-CJ' Animals
3
The First 100 Digits of Pi
4
Elements In Images
5
Name the Acid, Base or Salt
6
One Thing in Common: Science
7
Science Jokes
8
One Thing in Common: Science III
9
One Thing in Common: Animals
10
One Thing in Common: Science II
Explore More
Trending Topics
NBA
Kpop
Anime
Marvel
Harry Potter
Crossword
Disney
Pokémon
Song
NFL
WWE
Country
The Office
Puzzle
Soccer
hide this ad
More By:
hamster12340
Quiz
Plays
Rating
Category
Featured
Created
Gladstone or Disraeli?
312
4.50
History
Jun 4, 2010
Organic chemical reactions
222
1.00
Science
Jun 7, 2010
Go to Creator's Profile
Score Distribution
Quiz Creator Spotlight
hamster12340
Follow
Send a Message
Quizzes Created
-
Created Quiz Play Count
-
More By This Creator
Popular Quizzes Today
1
Find the US States - No Outlines Minefield
2
Find the Countries of Europe - No Outlines Minefield
3
The Countries of the World
4
Find the US States
5
US States
6
Risky Map Clicking: Biggest States A-Z
7
Popular People in 1961
8
Movies - When Are They Set?
More Science Quizzes
Geologic Time Scale (Map)
Editor's Pick
Trending Quizzes
Risky Map Clicking: Least Populous States A-Z
1-10 Letter G Words
1-10 Letter F Words
Risky Map Clicking: Next State Alphabetically
Risky Map Clicking: Biggest States A-Z
Recently Updated
Leaping Animals
pecheneg
Reality TV Shows (A-Z)
bhenderson79
Rickey Henderson's Hall of Fame Teammates
pecheneg
Champions League XIs: Arsenal
pecheneg
Quick Pick: Celebrities in WWE's Hall of Fame
aduchscher
A-Z Keypad Blitz II
pecheneg
Multiple Oscar Actors
pecheneg
Mystery Phrase Blitz: Oscar 'Best Actors'
pecheneg
F. Scott Fitzgerald Novels
LTH
Pick 3 Villains
ddd62291
Trending Topics
NBA
Crossword
Anime
Harry Potter
Kpop
Disney
Marvel
The Office
Soccer
Country
Puzzle
Pokémon
NFL
Song
WWE
Your Account Isn't Verified!
In order to create a playlist on Sporcle, you need to verify the email address you used during registration. Go to your
Sporcle Settings
to finish the process.
Report this User
Report this user for behavior that violates our
Community Guidelines
.
Details:
Send Report
Go to the Sporcle.com Mobile Site →
Comments